Southville International School and Colleges
Your cart is empty.
  • Cart
  • Lists
    Public lists Eva Luna New books Lux_list list_1
    Your lists Log in to create your own lists
  • Log in to your account
  • Your cookies
  • Search history
Southville International School and Colleges
  • Advanced search
  • Recent comments
  • Most popular
  • Libraries

Log in to your account

Log in with GOOGLE


If you do not have an external account, but do have a local account, you can still log in:

  1. Home
  2. MARC view: We are all alike... we ar all different /
Normal view MARC view ISBD view

We are all alike... we ar all different / (Record no. 105006)

[ view plain ]
MARC details
000 -LEADER
fixed length control field 00812nam a2200217 a 4500
005 - DATE AND TIME OF LATEST TRANSACTION
control field 20140412111334.0
008 - FIXED-LENGTH DATA ELEMENTS--GENERAL INFORMATION
fixed length control field 031018s19uu xx 00 eng d
020 ## - INTERNATIONAL STANDARD BOOK NUMBER
International Standard Book Number 0-590-49173-3
050 ## - LIBRARY OF CONGRESS CALL NUMBER
Classification number TR(PS E
Item number We37 1991
100 ## - MAIN ENTRY--PERSONAL NAME
Personal name Cheltenham, Elementary School Kindergartners
245 ## - TITLE STATEMENT
Title We are all alike... we ar all different /
Statement of responsibility, etc written and illustrated by the Cheltenham Elementary School Kindergartners.
260 ## - PUBLICATION, DISTRIBUTION, ETC. (IMPRINT)
Place of publication, distribution, etc New York :
Name of publisher, distributor, etc Scholastic Inc,
Date of publication, distribution, etc 1991.
300 ## - PHYSICAL DESCRIPTION
Extent 1 v. (unp.) ; ill.
520 ## - SUMMARY, ETC.
Summary, etc Kindergarten children describe the likeness and differences among themselves.
650 ## - SUBJECT ADDED ENTRY--TOPICAL TERM
Topical term or geographic name as entry element School children--Juvenile literature
650 ## - SUBJECT ADDED ENTRY--TOPICAL TERM
Topical term or geographic name as entry element Intercultural education--Juvenile Literature
650 ## - SUBJECT ADDED ENTRY--TOPICAL TERM
Topical term or geographic name as entry element Individuality
650 ## - SUBJECT ADDED ENTRY--TOPICAL TERM
Topical term or geographic name as entry element Chidren's writings
650 ## - SUBJECT ADDED ENTRY--TOPICAL TERM
Topical term or geographic name as entry element Children's art
Holdings
Withdrawn status Lost status Damaged status Use restrictions Home library Current library Shelving location Date acquired Source of acquisition Total Checkouts Full call number Barcode Date last seen Price effective from Koha item type
        Elizalde Library Elizalde Library Teachers Reference Section 10/18/2003     TR(PS E We37 1991 E9267 04/12/2014 04/12/2014 Books

We are all alike... we ar all different /

APA

Cheltenham E. S. K., . (1991). We are all alike... we ar all different. New York: Scholastic Inc.

Chicago

Cheltenham Elementary School Kindergartners, . 1991. We are all alike... we ar all different. New York: Scholastic Inc.

Harvard

Cheltenham E. S. K., . (1991). We are all alike... we ar all different. New York: Scholastic Inc.

MLA

Cheltenham Elementary School Kindergartners, . We are all alike... we ar all different. New York: Scholastic Inc. 1991.

  • Place hold
  • Print
  • Cite
  • Add to your cart (remove)
  • Save record
    BIBTEX Dublin Core MARCXML MARC (non-Unicode/MARC-8) MARC (Unicode/UTF-8) MARC (Unicode/UTF-8, Standard) MODS (XML) RIS
  • More searches
    Search for this title in:
    Other Libraries (WorldCat) Other Databases (Google Scholar) Online Stores (Bookfinder.com) Open Library (openlibrary.org)

Exporting to Dublin Core...

SOUTHVILLE LIBRARY

Southville International School and Colleges Library

1281 Tropical Ave. Cor. Luxembourg St., BF Homes International, Las Pinas City

Tel. No. 8256374 / 252358 Loc. 117/146

Powered by Koha